000
002740000a22000970004500
100
1
_a
Lightner, Lydia
245
1
0
_a
God sees your heart, not background
300
_a
Vol. 76, Num. 4 (Octubre-Diciembre, 1996), Páginas 18-19
773
0
_t
Latin America Evangelist
942
_c
ANA
999
_c
55040
_d
55040